000 00561nam a22001697a 4500
999 _c579
_d579
008 160111b xxu||||| |||| 00| 0 eng d
020 _a9789381714751
082 _22014
_aDC 630
_bF248
100 _91525
_aFasella, Paolo
245 _aPlant biotechnology/
_cPaolo Fasella and Anwar Hussain
260 _aNew Delhi:
_bScientific International, PVT, LTD,
_cc2014.
300 _axxiv, 499 pages:
_bcolor illustrations;
_c28 cm.
500 _aIncludes references and index.
650 0 _91526
_aPlant biotechnology.
700 _91527
_aAnwar Hussain
942 _2ddc
_cDC